| 000 | 00508nam a22001817a 4500 | ||
|---|---|---|---|
| 005 | 20251108172252.0 | ||
| 008 | 250721s1999 xx 000 0 ara d | ||
| 082 | 1 | 4 | _a618.3/روا |
| 100 | 1 | _aالرواجبة، عايدة | |
| 245 | 1 | 0 | _aدليل المرأة الحامل .... / |
| 264 | 1 |
_aبيروت : _bالمكتبة الثقافية، _c1999. |
|
| 300 | _a336ص | ||
| 650 | 1 | 7 | _aالحمل |
| 650 | 1 | 7 | _aمنع الحمل |
| 650 | 1 | 7 | _aدورة الحمل |
| 942 |
_2ddc _cBK |
||
| 999 |
_c74694 _d74694 |
||